000 00898nam a2200325Ia 4500
003 OSt
005 20220912151039.0
006 a|||||r|||| 00| 0
007 ta
008 220909b |||||||| |||| 00| 0 eng d
020 _a0632029536 (pbk)
024 _a3007
037 _bShankar,
037 _cTextual
040 _aCSL
_beng
_cCSL
041 _aeng
082 _aH71, N3;1
100 _aEvans Anthony M
245 0 _aOre geology and industrial minerals: an introduction
250 _a3
260 _aLondon
_bBlackwell Scientific Publications
_c1993
300 _ax, 390p.
_ccm.
490 _aGeoscience texts
500 _aBibliographical references 345-377p.
_ccm.; Index 379-390p.
_ccm.
650 _a Economic
650 _a Ore deposits
650 _aGeology
942 _hH71, N3;1
_cTEXL
_2CC
999 _c60289
_d60289